Juliet #2 /

The modern world has revealed itself to be a much more dangerous place for Juliet than Verona ever was. After successfully defeating an armored villain, Juliet begins realizing that her enemies aren't always monsters. As the threats continue to assail her, she experiences the consequences of t...

Full description

Bibliographic Details
Corporate Author: Library Pass, LLC
Other Authors: Hunchar, Zach (writer.)
Format: eBook
Language:English
Published: [United States] : TidalWave Productions, 2018.
Subjects:
Online Access:Connect to this electronic book (First time users create your free account)

MARC

Tag First Indicator Second Indicator Subfields
LEADER 00000nmm a22000001a 4500
001 in00004617721
006 m|||||o||m||||||||
007 cr|cn |||uuuuu
008 221118s2018 xxu||||eo|||| ||||||eng d
005 20221207215428.7
035 |a (TxWaIVM)IV75615TiJu 
040 |a TxWaIVM  |c TxWaIVM 
245 0 0 |a Juliet #2 /  |c powered by Library Pass. 
260 3 |a [United States] :  |b TidalWave Productions,  |c 2018. 
300 |a 1 online resource. 
336 |a text  |b txt  |2 rdacontent 
337 |a computer  |b c  |2 rdamedia 
338 |a online resource  |b cr  |2 rdacarrier 
520 |a The modern world has revealed itself to be a much more dangerous place for Juliet than Verona ever was. After successfully defeating an armored villain, Juliet begins realizing that her enemies aren't always monsters. As the threats continue to assail her, she experiences the consequences of technology and her human problems grow worse than the costumed kind. 
521 |a 3 
538 |a Requires a valid library card and registration for new users. 
538 |a Mode of access: World Wide Web. 
538 |a System requirements: Flash 10.1 or higher, Windows XP and higher, Internet Explorer 7 and higher, Firefox 3.6 and higher, Google Chrome; Max OS 10.5 and higher, Safari 4 and higher. 
650 0 |a Fantasy comic books, strips, etc. 
655 7 |a Electronic books.  |2 local 
655 7 |a Fantasy comic books, strips, etc.  |2 gsafd 
650 0 |a Comic books, strips, etc. --Women 
655 7 |a Comic books, strips, etc. --Women  |2 gsafd 
650 0 |a Literary 
655 7 |a Literary  |2 gsafd 
650 0 |a Romance comic books, strips, etc. 
655 7 |a Romance comic books, strips, etc.  |2 gsafd 
700 1 |a Hunchar, Zach.  |e writer. 
700 1 |a Barrero, Andres.  |e artist. 
710 2 |a Library Pass, LLC. 
856 4 0 |u http://proxy.library.tamu.edu/login?url=https://tamu.librarypass.com/product/com.iversecomics.stormfront.publishing.juliet.two.english.09042018  |z Connect to this electronic book (First time users create your free account)  |t 0 
955 |a Comics Plus. 
999 f f |s 6364f589-ded8-4a4d-ba0e-4bdc779ef2bf  |i ee2c98c9-ddf2-4170-b31f-fcad8ce16ea0  |t 0 
952 f f |a Texas A&M University  |b College Station  |c Electronic Resources  |d Available Online  |t 0  |h Library of Congress classification 
998 f f |t 0  |l Available Online